Academic skills : (Record no. 14708)
[ view plain ]
| 000 -LEADER | |
|---|---|
| fixed length control field | 01253cac a22003375a 4500 |
| 003 - CONTROL NUMBER IDENTIFIER | |
| control field | EG-ScBUE |
| 005 - DATE AND TIME OF LATEST TRANSACTION | |
| control field | 20191218123149.0 |
| 008 - FIXED-LENGTH DATA ELEMENTS--GENERAL INFORMATION | |
| fixed length control field | 100926r20112007enka f 000 0 eng d |
| 020 ## - INTERNATIONAL STANDARD BOOK NUMBER | |
| International Standard Book Number | 9780194 716635 |
| 040 ## - CATALOGING SOURCE | |
| Original cataloging agency | EG-ScBUE |
| Language of cataloging | eng |
| Description conventions | rda |
| Transcribing agency | EG-ScBUE |
| Modifying agency | EG-ScBUE |
| 082 04 - DEWEY DECIMAL CLASSIFICATION NUMBER | |
| Classification number | 428.24 |
| Item number | PHI |
| Edition number | 22 |
| 100 1# - MAIN ENTRY--PERSONAL NAME | |
| Personal name | Philpot, Sarah, |
| Relator term | author. |
| 9 (RLIN) | 19903 |
| 245 10 - TITLE STATEMENT | |
| Title | Academic skills : |
| Remainder of title | reading, writing and study skills. |
| Number of part/section of a work | Level 3, |
| Name of part/section of a work | Teacher's guide |
| Statement of responsibility, etc | Sarah Philpot,and Lesley Curnick ; Series Editors John and Liz Soars |
| 246 30 - VARYING FORM OF TITLE | |
| Title proper/short title | Teacher's guide |
| 250 ## - EDITION STATEMENT | |
| Edition statement | Reprint edition. |
| 264 #1 - PUBLICATION, DISTRIBUTION, ETC. (IMPRINT) | |
| Place of publication, distribution, etc | Oxford ; |
| -- | New York : |
| Name of publisher, distributor, etc | Oxford University Press, |
| Date of publication, distribution, etc | 2011. |
| 300 ## - PHYSICAL DESCRIPTION | |
| Extent | 64 pages : |
| Other physical details | illustrations ; |
| Dimensions | 28 cm. |
| 336 ## - CONTENT TYPE | |
| Source | rdacontent |
| Content type term | text |
| Content type code | txt |
| 337 ## - MEDIA TYPE | |
| Source | rdamedia |
| Media type term | unmediated |
| Media type code | n |
| 338 ## - CARRIER TYPE | |
| Source | rdacarrier |
| Carrier type term | volume |
| Carrier type code | nc |
| 490 0# - SERIES STATEMENT | |
| Series statement | New headway |
| 590 ## - LOCAL NOTE (RLIN) | |
| Local note | mohamed. |
| 650 #7 - SUBJECT ADDED ENTRY--TOPICAL TERM | |
| Topical term or geographic name as entry element | English language |
| General subdivision | Study and teaching (Higher) |
| -- | Foreign speakers |
| Source of heading or term | BUEsh |
| 9 (RLIN) | 10860 |
| 651 ## - SUBJECT ADDED ENTRY--GEOGRAPHIC NAME | |
| Source of heading or term | BUEsh |
| 653 ## - INDEX TERM--UNCONTROLLED | |
| Resource For college | Humanities: English |
| Arrived date list | July2019 |
| 655 ## - INDEX TERM--GENRE/FORM | |
| Form subdivision | Reading book |
| 700 1# - ADDED ENTRY--PERSONAL NAME | |
| Personal name | Curnick, Lesley, |
| Relator term | author. |
| 9 (RLIN) | 19904 |
| 700 1# - ADDED ENTRY--PERSONAL NAME | |
| Personal name | Soars, John, |
| Dates associated with a name | 1951- |
| Relator term | editor. |
| 9 (RLIN) | 13816 |
| 700 1# - ADDED ENTRY--PERSONAL NAME | |
| Personal name | Soars, Liz, |
| Dates associated with a name | 1945- |
| Relator term | editor. |
| 9 (RLIN) | 14294 |
| 942 ## - ADDED ENTRY ELEMENTS (KOHA) | |
| Koha item type | Book - Borrowing |
| Call number prefix | 428.24 PHI TR |
| Source of classification or shelving scheme | Dewey Decimal Classification |
| Withdrawn status | Lost status | Source of classification or shelving scheme | Damaged status | Not for loan | Collection code | Home library | Current library | Shelving location | Date acquired | Source of acquisition | Total Checkouts | Full call number | Barcode | Date last seen | Price effective from | Koha item type | Total Renewals | Date checked out |
|---|---|---|---|---|---|---|---|---|---|---|---|---|---|---|---|---|---|---|
| Dewey Decimal Classification | Baccah | Central Library | Central Library | Second Floor | 26/09/2010 | 428.24 PHI TR | 000021853 | 15/07/2025 | 26/09/2010 | Book - Teacher Resource | ||||||||
| Dewey Decimal Classification | Baccah | Central Library | Central Library | Second Floor | 26/09/2010 | 4 | 428.24 PHI TR | 000021852 | 15/07/2025 | 26/09/2010 | Book - Teacher Resource | 6 | 24/02/2016 | |||||
| Dewey Decimal Classification | Baccah | Central Library | Central Library | Second Floor | 26/09/2010 | 4 | 428.24 PHI TR | 000021847 | 15/07/2025 | 26/09/2010 | Book - Teacher Resource | 9 | 16/09/2015 | |||||
| Dewey Decimal Classification | Baccah | Central Library | Central Library | Second Floor | 26/09/2010 | 2 | 428.24 PHI TR | 000021848 | 15/07/2025 | 26/09/2010 | Book - Teacher Resource | 1 | 24/02/2013 | |||||
| Dewey Decimal Classification | Baccah | Central Library | Central Library | Second Floor | 26/09/2010 | 1 | 428.24 PHI TR | 000021849 | 15/07/2025 | 26/09/2010 | Book - Teacher Resource | 29/09/2010 | ||||||
| Dewey Decimal Classification | Baccah | Central Library | Central Library | Second Floor | 26/09/2010 | 1 | 428.24 PHI TR | 000021850 | 15/07/2025 | 26/09/2010 | Book - Teacher Resource | 29/09/2010 | ||||||
| Dewey Decimal Classification | Baccah | Central Library | Central Library | Second Floor | 26/09/2010 | 1 | 428.24 PHI TR | 000021846 | 15/07/2025 | 26/09/2010 | Book - Teacher Resource | 4 | 28/09/2010 | |||||
| Dewey Decimal Classification | Baccah | Central Library | Central Library | Second Floor | 26/09/2010 | 1 | 428.24 PHI TR | 000021851 | 15/07/2025 | 26/09/2010 | Book - Teacher Resource | 20/02/2013 |